| 000 | 00536nam a2200193Ia 4500 | ||
|---|---|---|---|
| 008 | 151121s9999||||xx |||||||||||||| ||und|| | ||
| 082 | _a910/Khr | ||
| 082 | _bHNW-30354 | ||
| 100 | _aKhrushchov's N।S। | ||
| 245 | _aTo Live In Peace And Friendship! | ||
| 260 | _b"Soviet Land Booklets, N।Delhi।" | ||
| 260 | _c-- | ||
| 300 | _a241 | ||
| 600 | _aKhrushchov's N।S। | ||
| 630 | _aTo Live In Peace And Friendship! | ||
| 700 | _aKhrushchov's N।S। | ||
| 730 | _aTo Live In Peace And Friendship! | ||
| 942 | _cBOOK | ||
| 999 |
_c1224933 _d1224930 |
||